Estimació de l'indicador de renda familiar disponible de les comarques i els municipis de Catalunya 1989-1995 / Jordi Arcarons i Bullich ... [et al.]
Descripción Física:
90 p. : map., gràf., taules ; 24 cm
Otros Autores:
Arcarons, Jordi
Materias:
Renda -- Catalunya -- Enquestes
MARC
| LEADER | 00000nam a2200000Ia 4500 | ||
|---|---|---|---|
| 001 | 12008 | ||
| 008 | 160829s1998 xx 000 0 cat d | ||
| 080 | |a M-2-365 | ||
| 245 | |a Estimació de l'indicador de renda familiar disponible de les comarques i els municipis de Catalunya 1989-1995 / Jordi Arcarons i Bullich ... [et al.] | ||
| 260 | |a Barcelona : |b Generalitat de Catalunya, Departament d'Economia i Finances, |c 1998 | ||
| 300 | |a 90 p. : |b map., gràf., taules ; |c 24 cm | ||
| 650 | |a Renda |x Catalunya |x Enquestes |9 23761 | ||
| 700 | |a Arcarons, Jordi |9 23762 | ||
| 710 | 1 | |a Catalunya. |b Departament d'Economia i Finances |9 52960 | |
| 901 | |a Arxiu | ||
| 942 | |n 1 | ||
| 952 | |0 0 |1 0 |4 0 |6 M2365 |7 1 |9 42841 |a Arxiu |b Arxiu |d 2016-12-01 |l 0 |o M-2-365 |p 12008 |r 2016-12-01 00:00:00 |w 2016-12-01 |y ARXIU | ||
| 999 | |c 45347 |d 45347 | ||